000 01184nam0a22002411 4500
001 rc\707395
005 20031121170713.3
035 _a(NLR Aleph) 005942752
090 _a6696510
_c6696510
100 _a20031121d1985 u |0rusy50 ca
101 0 _arus
102 _aRU
105 _aa |||||||||
200 1 _aСитуационное управление организацией трубопроводного строительства
_eУчеб. пособие
_fПод ред. проф. П.П. Бородавкина
_gМ-во высш. и сред. спец. образования СССР, Моск. ин-т нефтехим. и газовой пром-сти им. И.М. Губкина. Каф. автоматизации проектирования сооружений нефт. и газовой пром-сти
210 _aМ.
_cМИНХ и ГП
_d(Вып. дан. 1985)
215 _a50 с., [2] л. схем.
_cсхем.
_d20
320 _aБиблиогр.: с. 49
700 1 _aБрагилевский
_bО. В.
_gОлег Владимирович
801 0 _aRU
_bNLR
_gpsbo
801 1 _aRU
_bELAR
_2rusmarc
852 _aNLR
_j86-4/5561
942 _cBOOK
980 _aNB